[Event "XV C.to Mondiale seniores"]
[Site "Lignano Sabbiadoro ITA"]
[Date "2005.10.04"]
[Round "7"]
[White "Gardi, Giuseppe"]
[Black "Araujo, Mario Augusto Reis Da Silva"]
[Result "0-1"]
[WhiteElo "2099"]
[BlackElo "1957"]
[PlyCount "72"]
[EventDate "2005.09.28"]

1. d4 d5 2. Nf3 e6 3. e3 Nf6 4. Bd3 c5 5. b3 Nc6 6. a3 b6 7. O-O Be7 8. Bb2 O-O
9. Nbd2 Bb7 10. Qe2 Ne8 11. Ne5 g6 12. f4 Ng7 13. Ndf3 Nf5 14. g4 Nd6 15. g5
Nf5 16. Ng4 h5 17. gxh6 Kh7 18. Rae1 f6 19. Qf2 Qe8 20. h4 Qf7 21. Kh2 Nxh6 22.
Nxh6 Kxh6 23. Rg1 Rg8 24. Rg2 cxd4 25. exd4 Bd6 26. Bc1 f5 27. Ng5 Qd7 28. Rxe6
Nd8 29. h5 Nxe6 30. hxg6 Kg7 31. Bxf5 Rae8 32. Kg1 Rh8 33. Nf7 Qe7 34. Rh2 Bxf4
35. Rxh8 Rxh8 36. Nxh8 Qg5+ 0-1

[Event "XV C.to Mondiale seniores"]
[Site "Lignano Sabbiadoro ITA"]
[Date "2005.10.04"]
[Round "7"]
[White "Gousseinov, Aguif"]
[Black "Neudel, Bernd"]
[Result "1-0"]
[WhiteElo "2066"]
[BlackElo "1904"]
[PlyCount "41"]
[EventDate "2005.09.28"]

1. e4 c5 2. Nc3 d6 3. f4 Nc6 4. Bb5 Bd7 5. Nf3 Nd4 6. Bxd7+ Qxd7 7. O-O e6 8.
Ne2 Nxe2+ 9. Qxe2 Ne7 10. c3 Nc6 11. d4 d5 12. e5 cxd4 13. cxd4 g6 14. b3 Be7
15. Be3 Rc8 16. Ne1 h6 17. Nd3 h5 18. Rac1 Nb4 19. Rxc8+ Qxc8 20. Nxb4 Bxb4 21.
Qb5+ 1-0

[Event "XV C.to Mondiale seniores"]
[Site "Lignano Sabbiadoro ITA"]
[Date "2005.10.04"]
[Round "7"]
[White "Gruzmann, Boris"]
[Black "Hocevar, Nikola"]
[Result "1-0"]
[WhiteElo "2278"]
[BlackElo "2093"]
[PlyCount "73"]
[EventDate "2005.09.28"]

1. e4 c5 2. Nf3 Nc6 3. d4 cxd4 4. Nxd4 g6 5. Nc3 Bg7 6. Be3 Nf6 7. Bc4 Qa5 8.
O-O O-O 9. h3 d6 10. Bb3 Bd7 11. f4 Nxd4 12. Bxd4 Bc6 13. Qd3 Rad8 14. Rad1 Nd7
15. Bxg7 Kxg7 16. Bd5 Qc5+ 17. Kh1 Nf6 18. f5 e6 19. fxe6 fxe6 20. Bxe6 Qe5 21.
Bd5 Bxd5 22. exd5 Nh5 23. Rfe1 Qf4 24. Qd4+ Qxd4 25. Rxd4 Rf2 26. Rc4 Rxc2 27.
Rc7+ Kh6 28. Rxb7 Rf8 29. Ree7 Rf1+ 30. Kh2 Rcc1 31. Rxh7+ Kg5 32. Ne4+ Kf4 33.
Nf2 Ke3 34. Rhf7 Kd4 35. g4 Ng7 36. Kg2 Rg1+ 37. Kf3 1-0

[Event "XV C.to Mondiale seniores"]
[Site "Lignano Sabbiadoro ITA"]
[Date "2005.10.04"]
[Round "7"]
[White "Haug, Kjell Martin"]
[Black "Maugg, Ludwig"]
[Result "1/2-1/2"]
[WhiteElo "1950"]
[BlackElo "2125"]
[PlyCount "34"]
[EventDate "2005.09.28"]

1. c4 c5 2. Nc3 Nc6 3. Nf3 e5 4. d3 g6 5. g3 Bg7 6. Bg2 Nge7 7. e4 d6 8. O-O
O-O 9. Be3 h6 10. Nd5 Nxd5 11. cxd5 Ne7 12. Ne1 Kh7 13. Rb1 f5 14. f4 fxe4 15.
dxe4 Rb8 16. Nf3 b6 17. Qc2 exf4 1/2-1/2

[Event "XV C.to Mondiale seniores"]
[Site "Lignano Sabbiadoro ITA"]
[Date "2005.10.04"]
[Round "7"]
[White "Haupt, Joachim"]
[Black "Gestrich, Wolfgang"]
[Result "1/2-1/2"]
[WhiteElo "1841"]
[BlackElo "1767"]
[PlyCount "34"]
[EventDate "2005.09.28"]

1. e4 e5 2. Nf3 Nf6 3. Nc3 d6 4. Bc4 Be7 5. O-O O-O 6. h3 a6 7. a4 Be6 8. Qe2
h6 9. d4 exd4 10. Nxd4 Bd7 11. f4 c5 12. Nf3 Bc6 13. e5 Bxf3 14. Qxf3 dxe5 15.
Be3 Nc6 16. Rad1 Qc7 17. fxe5 Nxe5 1/2-1/2

[Event "XV C.to Mondiale seniores"]
[Site "Lignano Sabbiadoro ITA"]
[Date "2005.10.04"]
[Round "7"]
[White "Jacob, Konrad"]
[Black "Gennari, Giuseppe"]
[Result "1-0"]
[WhiteElo "2049"]
[BlackElo "1619"]
[PlyCount "145"]
[EventDate "2005.09.28"]

1. e4 c6 2. d4 d5 3. e5 Bf5 4. g4 Bg6 5. h4 h5 6. g5 e6 7. Bd3 Ne7 8. Ne2 Bxd3
9. Qxd3 Ng6 10. f4 Qd7 11. Ng3 Ne7 12. Be3 Na6 13. c3 g6 14. b4 Nc7 15. a4 Bg7
16. Nd2 O-O 17. O-O Nf5 18. Nxf5 exf5 19. Rae1 Rfe8 20. Rf2 Ne6 21. Nf1 Bf8 22.
Ng3 Ng7 23. Qd1 a5 24. Qb3 b5 25. axb5 cxb5 26. bxa5 Rxa5 27. Ra2 Rxa2 28. Qxa2
Rc8 29. Bd2 Qc6 30. Nf1 Ra8 31. Qb1 Qc4 32. Ne3 Qc6 33. Qb3 Rd8 34. Rb1 Ne6 35.
Qxb5 Qa8 36. Nc2 Rc8 37. Ra1 Rb8 38. Qd7 Qb7 39. Qa4 Qb2 40. Qa2 Kg7 41. Kf2
Qb5 42. Ne1 Qb6 43. Ke3 Qb5 44. Nf3 Nc7 45. Qc2 Na8 46. Qd3 Qb3 47. Ra7 Nb6 48.
e6 Nc4+ 49. Ke2 Rb7 50. Rxb7 Qxb7 51. exf7 Qxf7 52. Ne5 Qe6 53. Kf2 Nd6 54. Qe3
Ne4+ 55. Kf3 Qc8 56. Qd3 Qb7 57. Ke3 Nd6 58. Ke2 Qc8 59. Bc1 Qb7 60. Ba3 Be7
61. Bxd6 Bxd6 62. Ke3 Ba3 63. Qc2 Qb5 64. c4 Qa5 65. Nd3 Bf8 66. c5 Qa1 67. c6
Qg1+ 68. Qf2 Qxf2+ 69. Kxf2 Bd6 70. Kf3 Kf7 71. Ne5+ Kg7 72. Ke3 Bc7 73. Kd3
1-0

[Event "XV C.to Mondiale seniores"]
[Site "Lignano Sabbiadoro ITA"]
[Date "2005.10.04"]
[Round "7"]
[White "Jadrijevic, Ante"]
[Black "Kaminik, Aleksandar"]
[Result "1-0"]
[WhiteElo "2174"]
[BlackElo "2278"]
[PlyCount "101"]
[EventDate "2005.09.28"]

1. d4 Nf6 2. c3 g6 3. Bg5 Bg7 4. Nd2 d5 5. e3 O-O 6. Bd3 Nbd7 7. f4 c5 8. Ngf3
Qb6 9. Rb1 Re8 10. Qe2 Nf8 11. O-O Ne6 12. Ne5 Nd7 13. Bh4 cxd4 14. cxd4 f5 15.
Bb5 Qd6 16. Ndf3 a6 17. Ba4 b5 18. Bc2 Nf6 19. a4 Bb7 20. axb5 axb5 21. Bd3 b4
22. Ra1 Rec8 23. Nd2 Ne4 24. Nb3 Bf6 25. Nf3 Kg7 26. Rfd1 Qb6 27. Be1 h6 28.
Ne5 Bxe5 29. fxe5 f4 30. Kh1 fxe3 31. Qxe3 Rf8 32. Rxa8 Bxa8 33. Be2 Bc6 34.
Bf3 Ba4 35. h3 N6g5 36. Bh4 Nxf3 37. gxf3 Nc3 38. bxc3 Bxb3 39. Rb1 Bc2 40.
Rxb4 Qe6 41. Kg2 g5 42. Bg3 Bd1 43. Rb2 Bxf3+ 44. Kh2 g4 45. Bf4 h5 46. h4 Qf5
47. Bh6+ Kg8 48. Bxf8 g3+ 49. Kg1 Kxf8 50. Qh6+ Kf7 51. Rb8 1-0

[Event "XV C.to Mondiale seniores"]
[Site "Lignano Sabbiadoro ITA"]
[Date "2005.10.04"]
[Round "7"]
[White "Jakobsen, Ole"]
[Black "Rosino, Antonio"]
[Result "1-0"]
[WhiteElo "2385"]
[BlackElo "2285"]
[PlyCount "51"]
[EventDate "2005.09.28"]

1. c4 e5 2. g3 Nf6 3. Bg2 c6 4. d4 exd4 5. Qxd4 d5 6. cxd5 cxd5 7. Nf3 Nc6 8.
Qa4 Be7 9. O-O O-O 10. Be3 Ng4 11. Bd4 Nxd4 12. Nxd4 Qb6 13. Nc3 Qxb2 14. Nxd5
Qa3 15. Qxa3 Bxa3 16. Nb5 Bc5 17. Rac1 Bxf2+ 18. Rxf2 Nxf2 19. Kxf2 Bd7 20. Nd6
Rab8 21. Rc7 Be6 22. Nxb7 h6 23. a4 Kh7 24. Ne7 Rfe8 25. Bc6 Rf8 26. Ke3 1-0

[Event "XV C.to Mondiale seniores"]
[Site "Lignano Sabbiadoro ITA"]
[Date "2005.10.04"]
[Round "7"]
[White "Karasev, Vladimir I."]
[Black "Chernikov, Oleg L."]
[Result "1/2-1/2"]
[WhiteElo "2390"]
[BlackElo "2410"]
[PlyCount "59"]
[EventDate "2005.09.28"]

1. Nf3 Nf6 2. g3 b5 3. Bg2 Bb7 4. O-O e6 5. d3 d6 6. e4 Nbd7 7. Nh4 d5 8. exd5
Bxd5 9. Bxd5 Nxd5 10. c4 bxc4 11. dxc4 N5f6 12. Qa4 Be7 13. Rd1 O-O 14. Nc3 Qc8
15. Bg5 h6 16. Rxd7 hxg5 17. Rxe7 gxh4 18. Qc6 Qd8 19. Rxc7 Qd2 20. Rb7 Rac8
21. Qf3 Rxc4 22. Rd1 Qc2 23. Qd3 Qxd3 24. Rxd3 a5 25. Kg2 Rb4 26. Rb5 Rxb5 27.
Nxb5 Rb8 28. a4 hxg3 29. hxg3 Nd5 30. b3 1/2-1/2

[Event "XV C.to Mondiale seniores"]
[Site "Lignano Sabbiadoro ITA"]
[Date "2005.10.04"]
[Round "7"]
[White "Khazankin, Moisei"]
[Black "Trifunovic, Dusan"]
[Result "1-0"]
[WhiteElo "2139"]
[BlackElo "2019"]
[PlyCount "57"]
[EventDate "2005.09.28"]

1. e4 e5 2. Nf3 Nc6 3. Bb5 Nd4 4. Nxd4 exd4 5. O-O Bc5 6. d3 Ne7 7. c3 O-O 8.
Nd2 c6 9. Ba4 Bb6 10. Nf3 dxc3 11. bxc3 d5 12. Ba3 dxe4 13. dxe4 Qxd1 14. Raxd1
Re8 15. Nd4 Ng6 16. Rfe1 a6 17. Bd6 Ba5 18. Re3 Ne5 19. Bb3 Bg4 20. f3 Bc8 21.
h3 Ng6 22. c4 Bd8 23. c5 Ba5 24. f4 Nf8 25. f5 g6 26. Rf1 Kg7 27. fxg6 fxg6 28.
Rf7+ Kh8 29. Bxf8 1-0

[Event "XV C.to Mondiale seniores"]
[Site "Lignano Sabbiadoro ITA"]
[Date "2005.10.04"]
[Round "7"]
[White "Klovans, Janis"]
[Black "Hecht, Hans-Joachim"]
[Result "1/2-1/2"]
[WhiteElo "2463"]
[BlackElo "2388"]
[PlyCount "120"]
[EventDate "2005.09.28"]

1. e4 e5 2. Nf3 Nc6 3. Bb5 Nf6 4. O-O Bc5 5. c3 O-O 6. d4 Bb6 7. Bg5 h6 8. Bh4
d6 9. a4 a5 10. Re1 Qe7 11. Na3 Bg4 12. Nc4 g5 13. Bg3 exd4 14. Bxc6 bxc6 15.
e5 Nd5 16. exd6 Qf6 17. Nxb6 cxb6 18. Qxd4 Bxf3 19. Qxf6 Nxf6 20. gxf3 Rfd8 21.
Re7 Nd5 22. Rb7 Rdb8 23. Rxb8+ Rxb8 24. c4 Nf4 25. Bxf4 gxf4 26. Rd1 Kf8 27.
Kg2 Ke8 28. d7+ Kd8 29. Kh3 b5 30. axb5 cxb5 31. c5 a4 32. Kg4 Kc7 33. c6 b4
34. Kh5 a3 35. bxa3 bxa3 36. Rd2 Ra8 37. Kxh6 a2 38. d8=Q+ Rxd8 39. Rxa2 Rh8+
40. Kg5 Kxc6 41. h4 Kd7 42. Re2 f6+ 43. Kg4 Kd6 44. Kf5 Rxh4 45. Kxf6 Kd7 46.
Kg5 Rh8 47. Re5 Kd6 48. Re4 Rf8 49. Kg6 Rg8+ 50. Kf7 Rh8 51. Kf6 Rf8+ 52. Kg5
Kd7 53. Rxf4 Rg8+ 54. Kf6 Rf8+ 55. Ke5 Re8+ 56. Kd5 Re2 57. Re4 Rxf2 58. f4 Ra2
59. Re5 Ra5+ 60. Ke4 Rxe5+ 1/2-1/2

[Event "XV C.to Mondiale seniores"]
[Site "Lignano Sabbiadoro ITA"]
[Date "2005.10.04"]
[Round "7"]
[White "Klundt, Klaus"]
[Black "Weinwurm, Wolfgang"]
[Result "1-0"]
[WhiteElo "2382"]
[BlackElo "2127"]
[PlyCount "85"]
[EventDate "2005.09.28"]

1. e4 e5 2. Nf3 Nc6 3. Bb5 f5 4. Nc3 fxe4 5. Nxe4 d5 6. Nxe5 dxe4 7. Nxc6 Qg5
8. Qe2 Nf6 9. f4 Qxf4 10. Ne5+ c6 11. d4 Qh4+ 12. g3 Qh3 13. Bc4 Be6 14. Bg5
O-O-O 15. O-O-O Bd6 16. Bxf6 gxf6 17. Bxe6+ Qxe6 18. Qc4 Rhe8 19. Qxe6+ Rxe6
20. Nc4 f5 21. Rhf1 Rf8 22. Nxd6+ Rxd6 23. c3 Kd7 24. Rde1 Rdf6 25. Rf4 h5 26.
Kd2 Ke6 27. Rh4 Rh8 28. Rf1 Rg6 29. Rhf4 Rf6 30. Ke3 Rg8 31. c4 Rg7 32. Rd1 Rd7
33. Rh4 Rh6 34. Kf4 Kf6 35. h3 Rhh7 36. d5 cxd5 37. cxd5 Kg6 38. g4 fxg4 39.
hxg4 Rc7 40. gxh5+ Kh6 41. d6 Rc2 42. Kxe4 Rxb2 43. Ke5 1-0

[Event "XV C.to Mondiale seniores"]
[Site "Lignano Sabbiadoro ITA"]
[Date "2005.10.04"]
[Round "7"]
[White "Kock, Hans-Uwe"]
[Black "Zelkind, Eduard"]
[Result "1/2-1/2"]
[WhiteElo "2127"]
[BlackElo "2257"]
[PlyCount "82"]
[EventDate "2005.09.28"]

1. d4 Nf6 2. c4 g6 3. Nc3 Bg7 4. e4 d6 5. h3 O-O 6. Be3 e5 7. d5 Nh5 8. g3 c6
9. Be2 Nf6 10. g4 Ne8 11. Bd3 cxd5 12. cxd5 Na6 13. Nge2 Nc5 14. Bc2 Bd7 15. b4
Na6 16. Rb1 b5 17. Bd3 Nac7 18. Qd2 a6 19. Ng3 Rc8 20. O-O Na8 21. a4 Nb6 22.
axb5 axb5 23. Nxb5 Nc4 24. Bxc4 Rxc4 25. Na3 Rc8 26. b5 f5 27. gxf5 gxf5 28.
Bg5 Bf6 29. Bxf6 Qxf6 30. exf5 Kh8 31. Kh2 Qf7 32. b6 Ng7 33. f4 Rc5 34. fxe5
Rxd5 35. Qg5 Rxe5 36. b7 Ree8 37. Rf2 Bc6 38. Qd2 Bxb7 39. Qxd6 Rd8 40. Qb4 Ba8
41. Nc4 Qe7 1/2-1/2

[Event "XV C.to Mondiale seniores"]
[Site "Lignano Sabbiadoro ITA"]
[Date "2005.10.04"]
[Round "7"]
[White "Krasevec, Viktor"]
[Black "MacDonald-Ross, Michael"]
[Result "0-1"]
[WhiteElo "2065"]
[BlackElo "2233"]
[PlyCount "82"]
[EventDate "2005.09.28"]

1. Nf3 Nf6 2. d4 d5 3. e3 Nbd7 4. c4 e6 5. Nc3 Be7 6. Bd3 O-O 7. O-O c5 8. cxd5
exd5 9. b3 b6 10. Bb2 Bb7 11. Rc1 Re8 12. Re1 a6 13. Ne2 Bd6 14. Nf4 Ne4 15.
Bf1 Ndf6 16. Ne5 Rc8 17. Nh5 Qe7 18. Nxf6+ Nxf6 19. f4 Ne4 20. Bd3 b5 21. Qe2
f6 22. Nf3 c4 23. Bxe4 Qxe4 24. Nd2 Qg6 25. Qf2 Re7 26. a3 Rec7 27. bxc4 dxc4
28. Nb1 Be4 29. Nc3 Rb7 30. Nxe4 Qxe4 31. Qf3 Qxf3 32. gxf3 a5 33. Rc2 b4 34.
Ra1 c3 35. axb4 axb4 36. Rac1 Rcc7 37. Ba1 Ra7 38. Kf2 Rxa1 39. Rxa1 b3 40.
Ra8+ Kf7 41. Rc1 b2 0-1

[Event "XV C.to Mondiale seniores"]
[Site "Lignano Sabbiadoro ITA"]
[Date "2005.10.04"]
[Round "7"]
[White "Laco, Giuseppe"]
[Black "Somogyi, Istvan"]
[Result "1-0"]
[WhiteElo "2104"]
[BlackElo "2242"]
[PlyCount "111"]
[EventDate "2005.09.28"]

1. c4 Nf6 2. b4 e6 3. a3 d5 4. e3 a5 5. b5 Nbd7 6. d4 b6 7. cxd5 Nxd5 8. e4
N5f6 9. f3 Bb7 10. Be3 c5 11. bxc6 Bxc6 12. Bd3 Be7 13. Nc3 Rc8 14. Nge2 O-O
15. O-O Bb7 16. Qd2 e5 17. d5 Ne8 18. Rfb1 Nc5 19. g4 Nd6 20. Ng3 g6 21. Bh6
Re8 22. Bb5 Nxb5 23. Nxb5 Ba6 24. Na7 Rc7 25. Nc6 Rxc6 26. dxc6 Bd3 27. Rd1 Qc7
28. Rac1 Rd8 29. Qc3 Na4 30. Qb3 Nc5 31. Qb2 Na4 32. Qa1 Nc5 33. Rc3 Qxc6 34.
Qc1 Qf6 35. Kg2 Ba6 36. Rxd8+ Bxd8 37. Qd2 Qe7 38. Be3 Qc7 39. Qc2 Be7 40. Nf1
Qd8 41. Bg1 Ne6 42. Be3 Nd4 43. Qb2 Bc5 44. Ng3 Qe7 45. Bc1 Qf6 46. h4 Ne6 47.
Rxc5 Nxc5 48. Be3 Nd3 49. Qxb6 Ne1+ 50. Kf2 Qxf3+ 51. Kxe1 Qxg3+ 52. Kd2 Qg2+
53. Kc3 Qxe4 54. Qd8+ Kg7 55. Bh6+ Kxh6 56. Qf8# 1-0

[Event "XV C.to Mondiale seniores"]
[Site "Lignano Sabbiadoro ITA"]
[Date "2005.10.04"]
[Round "7"]
[White "Limberg, Siegfried"]
[Black "Kristiansen, Erling"]
[Result "1/2-1/2"]
[WhiteElo "2143"]
[BlackElo "2266"]
[PlyCount "33"]
[EventDate "2005.09.28"]

1. d4 Nf6 2. Nf3 g6 3. Bg5 Bg7 4. Nbd2 d5 5. e3 Nbd7 6. c3 b6 7. Bd3 Bb7 8. Qe2
Ne4 9. Bf4 O-O 10. O-O h6 11. h3 c5 12. Rac1 Nxd2 13. Qxd2 Rc8 14. Rfe1 Nf6 15.
Qe2 c4 16. Bb1 Ne4 17. Nd2 1/2-1/2

[Event "XV C.to Mondiale seniores"]
[Site "Lignano Sabbiadoro ITA"]
[Date "2005.10.04"]
[Round "7"]
[White "Ljubarskij, Juri"]
[Black "Ousatchi, Mark"]
[Result "1/2-1/2"]
[WhiteElo "2290"]
[BlackElo "2169"]
[PlyCount "112"]
[EventDate "2005.09.28"]

1. e4 c5 2. Nf3 Nc6 3. Bb5 Nd4 4. Nxd4 cxd4 5. O-O g6 6. f4 Bg7 7. d3 a6 8. Bc4
e6 9. Nd2 Ne7 10. Bb3 d5 11. e5 Nf5 12. Nf3 h5 13. Qe1 Qb6 14. Qf2 Bf8 15. Ba4+
Bd7 16. Bxd7+ Kxd7 17. c3 Qb5 18. Rd1 dxc3 19. bxc3 Bc5 20. d4 Be7 21. Bd2 Qc4
22. Rdb1 b5 23. Qe1 Rhc8 24. Rb3 Rab8 25. Rab1 Rb7 26. h3 h4 27. Qd1 Rbc7 28.
Be1 Qa4 29. Qe2 Rc4 30. Qb2 b4 31. Bd2 a5 32. cxb4 Rc2 33. Qa3 Qxa3 34. Rxa3
Nxd4 35. Nxd4 Rxd2 36. Nf3 Rdc2 37. Rxa5 Rc1+ 38. Rxc1 Rxc1+ 39. Kh2 Bxb4 40.
Ra7+ Rc7 41. Rxc7+ Kxc7 42. Nxh4 d4 43. Kg1 Kc6 44. Kf2 Kd5 45. Kf3 Kc4 46. Ke2
d3+ 47. Kd1 Kd4 48. g4 Ke4 49. Ng2 Bc3 50. a4 Kf3 51. Ne1+ Kxf4 52. Nxd3+ Kg3
53. Ke2 Kxh3 54. Kf3 Kh4 55. Kf4 Bd2+ 56. Kf3 Bc3 1/2-1/2

[Event "XV C.to Mondiale seniores"]
[Site "Lignano Sabbiadoro ITA"]
[Date "2005.10.04"]
[Round "7"]
[White "Loda', Domenico"]
[Black "Smits, Oswald"]
[Result "1-0"]
[WhiteElo "1659"]
[BlackElo "1962"]
[PlyCount "103"]
[EventDate "2005.09.28"]

1. e4 c5 2. Nf3 e6 3. d4 cxd4 4. Nxd4 a6 5. c4 Nf6 6. Nc3 Nc6 7. Be3 Qc7 8. Be2
b6 9. O-O Bb7 10. f3 Bd6 11. f4 Bc5 12. e5 Nxd4 13. Bxd4 Ne4 14. Nxe4 Bxe4 15.
Bf3 Bc6 16. Bxc5 bxc5 17. Qd6 Qxd6 18. exd6 Bxf3 19. Rxf3 O-O 20. Rb1 Rfb8 21.
a3 Rb6 22. Rd3 Rab8 23. b3 a5 24. a4 Rb4 25. f5 Rxc4 26. fxe6 fxe6 27. Re1 Rd4
28. Rc3 Rxd6 29. Rxc5 Rxb3 30. Rxa5 Rdb6 31. Ra8+ Rb8 32. Ra7 R3b7 33. Ra6 Kf7
34. Rf1+ Ke7 35. Rf3 Rb1+ 36. Kf2 R8b2+ 37. Kg3 Rb3 38. Ra8 Rxf3+ 39. gxf3 Rb4
40. a5 Ra4 41. a6 Kd6 42. a7 Kc7 43. Rg8 Rxa7 44. Rxg7 h5 45. Rg5 Ra1 46. Rxh5
Kc6 47. Rh8 Rd1 48. h4 d5 49. h5 Rg1+ 50. Kf2 Rg5 51. h6 Kc5 52. h7 1-0

[Event "XV C.to Mondiale seniores"]
[Site "Lignano Sabbiadoro ITA"]
[Date "2005.10.04"]
[Round "7"]
[White "Luecke, Volkmar"]
[Black "Barlo, Werner"]
[Result "1/2-1/2"]
[WhiteElo "2017"]
[BlackElo "1876"]
[PlyCount "35"]
[EventDate "2005.09.28"]

1. Nf3 Nf6 2. g3 g6 3. Bg2 Bg7 4. O-O O-O 5. d4 d5 6. b3 Nbd7 7. Bb2 b6 8. c4
e6 9. Nc3 Bb7 10. Qc2 Rc8 11. Rfd1 c6 12. Rac1 Re8 13. e4 dxe4 14. Nxe4 Nxe4
15. Qxe4 Qe7 16. Ne5 Nxe5 17. dxe5 Red8 18. Qe2 1/2-1/2

[Event "XV C.to Mondiale seniores"]
[Site "Lignano Sabbiadoro ITA"]
[Date "2005.10.04"]
[Round "7"]
[White "Maissenbacher, Werner"]
[Black "Guaglianone, Mario"]
[Result "0-1"]
[WhiteElo "1981"]
[BlackElo "2155"]
[PlyCount "104"]
[EventDate "2005.09.28"]

1. e4 d6 2. d4 Nf6 3. Nc3 g6 4. Nf3 Bg7 5. Be2 O-O 6. O-O c6 7. Be3 b5 8. a3 a6
9. Qd2 Re8 10. Rad1 Nbd7 11. Bh6 Qc7 12. Bxg7 Kxg7 13. Ne1 c5 14. Bf3 Bb7 15.
Qe3 cxd4 16. Qxd4 Qc5 17. b4 Qxd4 18. Rxd4 Rac8 19. Nb1 Ne5 20. c3 Rc7 21. Nc2
Rec8 22. Ne3 Nc4 23. Nxc4 Rxc4 24. e5 Ne4 25. Rxc4 Rxc4 26. exd6 Nxd6 27. Bxb7
Nxb7 28. Re1 e6 29. Re3 Nd6 30. Nd2 Rc6 31. Kf1 Kf8 32. Ke2 Ke7 33. f3 f5 34.
g3 Kf6 35. Rd3 e5 36. Ke3 Ke6 37. Ke2 e4 38. fxe4 fxe4 39. Re3 Kd5 40. g4 Rc7
41. Kd1 Rf7 42. Ke2 Ra7 43. Kd1 Ke5 44. Ke2 Kf4 45. h3 Re7 46. Kf2 h5 47. gxh5
gxh5 48. Nb1 Nc4 49. Re1 e3+ 50. Ke2 Rg7 51. Kd3 Rg2 52. a4 Ne5+ 0-1

[Event "XV C.to Mondiale seniores"]
[Site "Lignano Sabbiadoro ITA"]
[Date "2005.10.04"]
[Round "7"]
[White "Malmdin, Nils Ake"]
[Black "Mayers, Dan E."]
[Result "1-0"]
[WhiteElo "2222"]
[BlackElo "2011"]
[PlyCount "91"]
[EventDate "2005.09.28"]

1. e4 e6 2. d4 d5 3. e5 Ne7 4. c3 c5 5. Nf3 Nbc6 6. Na3 Nf5 7. Nc2 Qa5 8. dxc5
Qc7 9. Bb5 Bxc5 10. Qe2 Bd7 11. O-O O-O 12. Bd3 Rae8 13. g4 Nh6 14. b4 Be7 15.
b5 Na5 16. g5 Nf5 17. Ne3 Nxe3 18. Bxe3 Nc4 19. Bd4 Bxb5 20. Kh1 Bc5 21. Rg1
Kh8 22. Rg3 Bxd4 23. cxd4 Bc6 24. Rag1 g6 25. Rh3 Kg7 26. Rh6 b5 27. Rg4 Rh8
28. Rgh4 Nb6 29. Ng1 b4 30. Qf3 Nd7 31. Rf4 Ref8 32. h4 a5 33. h5 Qb7 34. Rh4
a4 35. Qh3 Rfg8 36. hxg6 b3 37. axb3 axb3 38. Bb1 Nxe5 39. dxe5 d4+ 40. Kh2 Be4
41. Rxh7+ Rxh7 42. Rxh7+ Kf8 43. Rxf7+ Qxf7 44. gxf7 Kxf7 45. Bxe4 b2 46. Qf3+
1-0

[Event "XV C.to Mondiale seniores"]
[Site "Lignano Sabbiadoro ITA"]
[Date "2005.10.04"]
[Round "7"]
[White "Masich, Vladimir"]
[Black "Karl, Hans"]
[Result "0-1"]
[WhiteElo "2072"]
[BlackElo "2290"]
[PlyCount "98"]
[EventDate "2005.09.28"]

1. e4 e5 2. Nf3 Nc6 3. Bb5 a6 4. Ba4 Nf6 5. Bxc6 dxc6 6. d3 Bd6 7. Nbd2 Qe7 8.
Nc4 Nd7 9. Ne3 Nf8 10. Qe2 g6 11. Bd2 Be6 12. Bc3 f6 13. d4 exd4 14. Nxd4 Bb4
15. Qd2 Bxc3 16. Qxc3 O-O-O 17. O-O Bd7 18. f3 Ne6 19. Nxe6 Bxe6 20. a4 Bf7 21.
Rfe1 h5 22. a5 Qe5 23. Qxe5 fxe5 24. Red1 Rd6 25. Kf2 Be6 26. h3 Rhd8 27. Ke2
Rh8 28. h4 Kd7 29. Rh1 Ke7 30. g4 hxg4 31. Nxg4 Bxg4 32. fxg4 Rf6 33. Ke3 Rhf8
34. h5 Rf3+ 35. Ke2 Rf2+ 36. Ke1 gxh5 37. gxh5 Rxc2 38. h6 Rff2 39. Rh5 Rh2 40.
Rxe5+ Kd6 41. Rf5 Rxh6 42. Rb1 Rh1+ 43. Rf1 Rxf1+ 44. Kxf1 Ke5 45. Rd1 Rxb2 46.
Rd7 Kxe4 47. Rxc7 Kd4 48. Ke1 Kc5 49. Kd1 Rb5 0-1

[Event "XV C.to Mondiale seniores"]
[Site "Lignano Sabbiadoro ITA"]
[Date "2005.10.04"]
[Round "7"]
[White "Miessner, Rolf"]
[Black "Filzmaier, Bruno"]
[Result "0-1"]
[WhiteElo "1773"]
[BlackElo "1970"]
[PlyCount "78"]
[EventDate "2005.09.28"]

1. e4 e6 2. d4 d5 3. Nd2 dxe4 4. Nxe4 Nf6 5. Nxf6+ Qxf6 6. Nf3 h6 7. Bd3 Nc6 8.
c3 Bd6 9. O-O O-O 10. Re1 e5 11. Nxe5 Nxe5 12. dxe5 Bxe5 13. Be3 Bf5 14. Qc2
Bxd3 15. Qxd3 Rad8 16. Qc2 b6 17. Rad1 Rxd1 18. Rxd1 Rd8 19. Rxd8+ Qxd8 20. Qd2
Qxd2 21. Bxd2 f5 22. g3 Kf7 23. Kg2 g5 24. f4 Bf6 25. a4 a6 26. c4 g4 27. b3
Bd4 28. Bb4 Ke6 29. Kf1 c6 30. Be1 b5 31. Bb4 bxa4 32. bxa4 Bb6 33. Bf8 h5 34.
Ba3 Bc7 35. Ke2 Bd6 36. Bxd6 Kxd6 37. Kd3 Kc5 38. Kc3 a5 39. Kd3 Kb4 0-1

[Event "XV C.to Mondiale seniores"]
[Site "Lignano Sabbiadoro ITA"]
[Date "2005.10.04"]
[Round "7"]
[White "Ofstad, Per"]
[Black "Ivanets, Vladimir"]
[Result "1/2-1/2"]
[WhiteElo "2164"]
[BlackElo "2290"]
[PlyCount "87"]
[EventDate "2005.09.28"]

1. e4 a6 2. d4 d6 3. Bd3 e5 4. c3 Nf6 5. h3 Be7 6. Nf3 Nbd7 7. Be3 O-O 8. Nbd2
c6 9. Qc2 Qc7 10. a4 Re8 11. a5 g6 12. O-O Bf8 13. Rfe1 Bg7 14. dxe5 Nxe5 15.
Nxe5 dxe5 16. Bb6 Qe7 17. b4 Nh5 18. Bc4 Nf4 19. Re3 h5 20. Rd1 h4 21. Nf3 Be6
22. Bxe6 Nxe6 23. Red3 Qf6 24. Rd6 Bf8 25. Rd7 Re7 26. Rxe7 Bxe7 27. Rd7 c5 28.
Rxb7 cxb4 29. cxb4 Bxb4 30. Qc4 Bf8 31. Be3 Nf4 32. Nxe5 Ne2+ 33. Kf1 Ng3+ 34.
Ke1 Bb4+ 35. Qxb4 Qxe5 36. fxg3 Rc8 37. gxh4 Qg3+ 38. Bf2 Qf4 39. Bc5 Qc1+ 40.
Kf2 Rxc5 41. e5 Rc4 42. Rb8+ Kh7 43. Rh8+ Kxh8 44. Qf8+ 1/2-1/2

[Event "XV C.to Mondiale seniores"]
[Site "Lignano Sabbiadoro ITA"]
[Date "2005.10.04"]
[Round "7"]
[White "Olsen, Willy L."]
[Black "Bondick, Karl-Heinz"]
[Result "1/2-1/2"]
[WhiteElo "2036"]
[BlackElo "2133"]
[PlyCount "23"]
[EventDate "2005.09.28"]

1. d4 d5 2. c4 dxc4 3. Nc3 c6 4. a4 Qa5 5. Bd2 Qb6 6. Nf3 Nf6 7. e4 Bg4 8. a5
Qd8 9. Bxc4 Bxf3 10. gxf3 e6 11. Be3 Nbd7 12. Qb3 1/2-1/2

[Event "XV C.to Mondiale seniores"]
[Site "Lignano Sabbiadoro ITA"]
[Date "2005.10.04"]
[Round "7"]
[White "Pagnutti, Lorenzo"]
[Black "Zilahi, Gabor"]
[Result "0-1"]
[WhiteElo "2014"]
[BlackElo "2117"]
[PlyCount "106"]
[EventDate "2005.09.28"]

1. e4 g6 2. Nf3 Bg7 3. d4 c6 4. Nc3 d5 5. Be3 dxe4 6. Nxe4 Nd7 7. c4 Ngf6 8.
Nc3 O-O 9. Qd2 Ng4 10. Bg5 f6 11. Bh4 Qa5 12. h3 Nh6 13. g4 Nf7 14. O-O-O Bh6
15. g5 fxg5 16. Bg3 g4 17. Bf4 Bxf4 18. Qxf4 gxf3 19. d5 Nd6 20. Qe3 Rf7 21.
Bd3 Nf8 22. Rhg1 Bxh3 23. c5 Nb5 24. Nxb5 cxb5 25. Kb1 Qc7 26. Bxb5 Rc8 27. b4
a5 28. a3 axb4 29. axb4 Qf4 30. Qc3 Ra8 31. Rd4 Qh2 32. Qe1 Qb8 33. Bc4 Ra3 34.
Kb2 Ra8 35. Qe3 Qe8 36. Re1 Bd7 37. Re4 Kg7 38. Rh1 h5 39. Qd4+ Kh7 40. d6 e6
41. Bd3 Rf5 42. Reh4 e5 43. Qe3 Qf7 44. Bb1 Kg7 45. Rg1 Rf4 46. Qxe5+ Qf6 47.
Rxh5 Rxb4+ 48. Kc1 Qxe5 49. Rxe5 Ra1 50. Kc2 Kf6 51. Rge1 Bf5+ 52. Rxf5+ Kxf5
53. Re8 Nd7 0-1

[Event "XV C.to Mondiale seniores"]
[Site "Lignano Sabbiadoro ITA"]
[Date "2005.10.04"]
[Round "7"]
[White "Peierl, Walter"]
[Black "Hohler, Peter"]
[Result "1/2-1/2"]
[WhiteElo "2096"]
[BlackElo "2228"]
[PlyCount "61"]
[EventDate "2005.09.28"]

1. e4 e5 2. Nf3 Nc6 3. Be2 Nf6 4. d3 d5 5. exd5 Nxd5 6. O-O Be7 7. Nc3 O-O 8.
Nxd5 Qxd5 9. Nd2 Nd4 10. Bf3 Nxf3+ 11. Qxf3 Qxf3 12. Nxf3 Bd6 13. Re1 f6 14.
Bd2 Bg4 15. h3 Bxf3 16. gxf3 Rae8 17. Kf1 Kf7 18. a3 a6 19. Rab1 Rg8 20. Ke2 b5
21. Rg1 g6 22. Rbe1 Re6 23. Kd1 Rd8 24. Kc1 b4 25. f4 Rde8 26. fxe5 Rxe5 27.
Rxe5 Rxe5 28. Kd1 Bc5 29. Rg2 Rd5 30. c3 Bd6 31. Be3 1/2-1/2